000 00968nam a2200265Ia 4500
003 OSt
005 20221005110750.0
006 a|||||r|||| 00| 0
007 ta
008 221004b |||||||| |||| 00| 0 hin d
020 _a9788126722327 (hbk)
_c250
024 _a20092
037 _bBR8453, 23/03/2015, Rajkamal Prakashan Pvt. Ltd.
_cTextual
040 _aCRL
_cCRL
_bhin
041 _2hin
_ahin
082 _aO152(Y15),1x, Q2
100 _aनन्दा, वर्तिका
245 0 _aथी हूॅं रहूॅंेगी
246 _aThī hūॅan rahūॅanegī
260 _aनई दिल्ली
_bराजकमल प्रकाशन भारत
_c2012
300 _a143पृ0
_ccm.
650 _aहिन्दी साहित्य
942 _hO152(Y15),1x, Q2
_cTEXL
_2cc
999 _c1019815
_d1019815